000 nam a22 a 4500
999 _c1374
_d1374
003 AKMAL
005 20170509121742.0
008 170509s1995 my 00 eng d
020 _a98389939713 (pbk.):
_cRM 16.50
040 _aAKMAL
_cAKMAL
049 _amal
082 0 4 _a302.2 STE
090 _a302.2
_bSTE
090 2 0 _a302.2
_bSTE
100 1 _aStenmark, Marea
_92706
245 1 4 _aThe creative communicator /
_cMarea Stenmark
250 _aMalaysia ed.
260 _aKuala Lumpur :
_bS. Abdul Majeed,
_c1995
300 _axxii, 146p. :
_bill. ;
_c20cm
650 _aCommunication in organizations
_92707
650 _aCommunication in management
_92708
650 _aBusiness communication
_91235
942 _2ddc
_cBOOK